Respuestas a Marcuse /

Se reunen en este libro una serie de ensayos críticos sobre la obra de Marcuse, escritos por discípulos de la Escuela de Frankfurt. Se critica metodológicamente el desarrollo del pensamiento de Marcuse y se ponen de manifiesto las decisivas concesiones de Marcuse al capitalismo; se habla de la orien...

Ամբողջական նկարագրություն

Պահպանված է:
Մատենագիտական մանրամասներ
Հիմնական հեղինակ: Habermas, Jürgen (comp.)
Այլ հեղինակներ: Schmidt, Alfred (autor) (autor)
Ձևաչափ: Գիրք
Լեզու:իսպաներեն
Հրապարակվել է: Barcelona, España : Anagrama, 1969, c1969
Շարք:(Argumentos ; 7)
Խորագրեր:
Ցուցիչներ: Ավելացրեք ցուցիչ
Չկան պիտակներ, Եղեք առաջինը, ով նշում է այս գրառումը!

MARC

LEADER 00000nam^a2200000^a^4500
001 000000176
005 20250521000000.0
009 20260310083015.973
037 |a Acervo ITESO - Biblioteca 
041 |a ESP 
082 |a 146. 3  |b HAB 
100 |a Habermas, Jürgen  |e (comp.) 
245 1 0 |a Respuestas a Marcuse /  |c Comp. de J. Habermas ; A. Schmidt... [et al.] ; tr. por Manuel Sacristán. 
264 4 |a Barcelona, España :  |b Anagrama,  |c 1969, c1969 
300 |a 154 p. 
336 |a texto  |b txt  |2 rdacontenido 
337 |a sin mediación  |b n  |2 rdamedio 
338 |a volumen  |b nc  |2 rdasoporte 
440 1 |a (Argumentos ;  |v 7) 
500 |a Traducción de: Antwortwn auf Herbert Marcuse 
520 |a Se reunen en este libro una serie de ensayos críticos sobre la obra de Marcuse, escritos por discípulos de la Escuela de Frankfurt. Se critica metodológicamente el desarrollo del pensamiento de Marcuse y se ponen de manifiesto las decisivas concesiones de Marcuse al capitalismo; se habla de la orientación de la teoría marcusiana a construirse como filosofía positiva y se subraya el parentesco del análisis marcusiano con el de los sociólogos conservadores alemanes. 
649 |a XX 
650 |a Filósofos Alemanes 
650 |a Tecnocracia 
650 |a Desarrollo Tecnológico -  |x Filosofía 
650 |a Capitalismo -  |x Historia y Crítica -  |x Tema Principal 
650 |a Izquierda, La -  |z EUA 
650 |a Teoría Crítica 
650 |a Escuela de Frankfurt 
650 |a Marxismo 
650 |a Materialismo Histórico y Dialéctico 
650 |a Filosofía Política -  |x Tema Principal 
650 |a Filosofía del Siglo XX 
650 |a Marcuse, Herbert -  |x Tema Principal 
700 |a Schmidt, Alfred  |e (autor) 
910 |a Fondo General 
920 |a Impresos - Libros 
930 |a Colección General 
905 |a 101 
901 |a 0001760100  |b IT1  |c ACC  |i 000176  |u 20250521 
902 |a https://opac.biblio.iteso.mx/vufind/Record/000000176